BIBLIOTECA

SENCICO

Cafetería Dolce Capriccio / (Registro nro. 4959)

Detalles MARC
000 -LEADER
fixed length control field 00938nam a22002297a 4500
003 - CONTROL NUMBER IDENTIFIER
control field PE SENCICO BE
005 - DATE AND TIME OF LATEST TRANSACTION
control field 20251020182706.0
008 - FIXED-LENGTH DATA ELEMENTS--GENERAL INFORMATION
fixed length control field 240223b |||||||| |||| 00| 0 eng d
040 ## - CATALOGING SOURCE
Original cataloging agency PE SENCICO BE
Transcribing agency PE SENCICO BE
084 ## - OTHER CLASSIFICATION NUMBER
Classification number I
-- DIS
-- 2014
Item number D19
100 1# - MAIN ENTRY--PERSONAL NAME
9 (RLIN) 1977
Personal name Davila Urdanivia, Milagros
Relator term autor
245 1# - TITLE STATEMENT
Title Cafetería Dolce Capriccio /
Statement of responsibility, etc. Milagros Davila Urdanivia
260 ## - PUBLICATION, DISTRIBUTION, ETC.
Place of publication, distribution, etc. Lima :
Date of publication, distribution, etc. 2014
300 ## - PHYSICAL DESCRIPTION
Extent [10] h. :
Other physical details il. col., plans. ;
Dimensions 30 cm.
502 ## - DISSERTATION NOTE
Dissertation note Monografía de Titulación.-- Servicio Nacional de Capacitación para la Industria de la Construcción. Escuela Superior Técnica. Carrera Profesional Técnica en Diseño de Interiores, 2014
650 10 - SUBJECT ADDED ENTRY--TOPICAL TERM
9 (RLIN) 615
Topical term or geographic name entry element Planos
650 20 - SUBJECT ADDED ENTRY--TOPICAL TERM
9 (RLIN) 29
Topical term or geographic name entry element Cafeterías
650 20 - SUBJECT ADDED ENTRY--TOPICAL TERM
9 (RLIN) 44
Topical term or geographic name entry element Diseño de interiores
710 1# - ADDED ENTRY--CORPORATE NAME
Corporate name or jurisdiction name as entry element Servicio Nacional de Capacitación para la Industria de la Construcción.
Subordinate unit Escuela Superior Técnica
9 (RLIN) 1065
910 ## - USER-OPTION DATA (OCLC)
-- hfp
-- hfp
942 ## - ADDED ENTRY ELEMENTS (KOHA)
Koha item type Monografía de Titulación
Source of classification or shelving scheme Dewey Decimal Classification
Existencias
Fecha de la última vez que lo usaron Número de ingreso o de inventario Pago total Signatura topográfica completa Código de barras Precio efectivo desde Tipo de documento Estado perdido Estado dañado No es para préstamo Retirado Ubicación permanente Ubicación actual Fecha de adquisición
23/02/2024 I-00482   I/DIS/2014/D19 BibLima24020415 23/02/2024 Monografía de Titulación         Biblioteca Central Lima Biblioteca Central Lima 23/02/2024